Normal view
MARC view
- Anderson, Dale A.
Entry Personal Name
001 - CONTROL NUMBER
- control field: 1696
003 - CONTROL NUMBER IDENTIFIER
- control field: NUST
005 - DATE AND TIME OF LATEST TRANSACTION
- control field: 20170531113503.0
008 - FIXED-LENGTH DATA ELEMENTS
- fixed length control field: 170531|| aca||aabn | a|a d
040 ## - CATALOGING SOURCE
- Original cataloging agency: NUST
- Transcribing agency: NUST
100 ## - HEADING--PERSONAL NAME
- Personal name: Anderson, Dale A.
- Fuller form of name: (Dale Arden),
- Dates associated with a name: 1936-
670 ## - SOURCE DATA FOUND
- Source citation: Work cat.: (NUST)23230: Tannehill, John C. 1694, Computational fluid mechanics and heat transfer /, c1997.
